Ngoại giao và công tác ngoại giao : Sách chuyên khảo

Giới thiệu một cách có hệ thống các nội dung của ngoại giao như: các khái niệm ngoại giao, cơ quan đại diện ngoại giao, thư tín ngoại giao, tiếp xúc ngoại giao, ngoại giao kinh tế, ngoại giao văn hoá, đàm phán ngoại giao, văn kiện ngoại giao, lễ tân...

Celý popis

Uloženo v:
Podrobná bibliografie
Hlavní autor: Vũ, Dương Huân
Médium: Kniha
Jazyk:Undetermined
Vydáno: Hà Nội Chính trị Quốc gia 2015
Témata:
Tagy: Přidat tag
Žádné tagy, Buďte první, kdo otaguje tento záznam!
Thư viện lưu trữ: Trung tâm Học liệu Trường Đại học Cần Thơ
LEADER 01035nam a2200229Ia 4500
001 CTU_207610
008 210402s9999 xx 000 0 und d
020 |c 142000 
082 |a 327.2 
082 |b H502 
100 |a Vũ, Dương Huân 
245 0 |a Ngoại giao và công tác ngoại giao : 
245 0 |b Sách chuyên khảo 
245 0 |c Vũ Dương Huân 
260 |a Hà Nội 
260 |b Chính trị Quốc gia 
260 |c 2015 
520 |a Giới thiệu một cách có hệ thống các nội dung của ngoại giao như: các khái niệm ngoại giao, cơ quan đại diện ngoại giao, thư tín ngoại giao, tiếp xúc ngoại giao, ngoại giao kinh tế, ngoại giao văn hoá, đàm phán ngoại giao, văn kiện ngoại giao, lễ tân ngoại giao... 
650 |a International relations,Quan hệ Quốc tế 
650 |z Vietnam,Việt Nam 
904 |i Hải 
980 |a Trung tâm Học liệu Trường Đại học Cần Thơ